RICS Valuation Global Standards 2017 (Record no. 116270)

MARC details
000 -LEADER
fixed length control field 01657cam a22002775a 4500
001 - CONTROL NUMBER
control field L160192
008 - FIXED-LENGTH DATA ELEMENTS--GENERAL INFORMATION
fixed length control field 181123s2018 xxk f 000 0 eng d
020 ## - INTERNATIONAL STANDARD BOOK NUMBER
International Standard Book Number 9781783213276
035 ## - SYSTEM CONTROL NUMBER
System control number (Sirsi) u160192
041 0# - LANGUAGE CODE
Language code of text/sound track or separate title eng
110 2# - MAIN ENTRY--CORPORATE NAME
Corporate name or jurisdiction name as entry element Royal Institution of Chartered Surveyors
9 (RLIN) 4900
245 00 - TITLE STATEMENT
Title RICS Valuation Global Standards 2017
Remainder of title UK National Supplement
Medium [electronic resource]
260 ## - PUBLICATION, DISTRIBUTION, ETC.
Place of publication, distribution, etc. London,
Name of publisher, distributor, etc. RICS,
Date of publication, distribution, etc. 2018
490 #0 - SERIES STATEMENT
Series statement RICS Professional Statement
490 ## - SERIES STATEMENT
Series statement RICS Red Book
520 ## - SUMMARY, ETC.
Summary, etc. The UK national supplement augments the Global Red Book for valuations that are subject to UK jurisdiction. Part 1 introduction, Part 2 UK Professional and Valuation Standards mandatory and Part 3 Part 3 UK Valuation Practice Guidance Applications (UK VPGAs) - advisory including including financial reporting, local authority and central government assets for accounting purposes, charity assets, commercial secured lending purposes and residential mortgage purposes.
520 ## - SUMMARY, ETC.
Summary, etc. Issued November 2018, effective from 14 January 2019 to 30 April 2024. Supersedes RICS Valuation Professional Standards UK January 2014 [revised April 2015] ISBN 9781783211050
520 ## - SUMMARY, ETC.
Summary, etc. From 1 May 2024 the 2017 edition is superseded by RICS Valuation – Global Standards: UK national supplement published 19 October 2023 ISBN 9781783215065
590 ## - LOCAL NOTE (RLIN)
Local note NTK
650 24 - SUBJECT ADDED ENTRY--TOPICAL TERM
Topical term or geographic name entry element RED BOOK
650 24 - SUBJECT ADDED ENTRY--TOPICAL TERM
Topical term or geographic name entry element GLOBAL VALUATION STANDARDS 2017
651 #4 - SUBJECT ADDED ENTRY--GEOGRAPHIC NAME
Geographic name United Kingdom
690 ## - LOCAL SUBJECT ADDED ENTRY--TOPICAL TERM (OCLC, RLIN)
Topical term or geographic name as entry element Valuation
9 (RLIN) 6273
856 40 - ELECTRONIC LOCATION AND ACCESS
Uniform Resource Identifier <a href="https://www.rics.org/content/dam/ricsglobal/documents/standards/red_book_uk_supplement_rics.pdf">https://www.rics.org/content/dam/ricsglobal/documents/standards/red_book_uk_supplement_rics.pdf</a>
Public note Available free on RICS.org
942 ## - ADDED ENTRY ELEMENTS (KOHA)
Suppress in OPAC 0
Source of classification or shelving scheme Dewey Decimal Classification
Holdings
Withdrawn status Lost status Source of classification or shelving scheme Damaged status Not for loan Home library Current library Shelving location Date acquired Total Checkouts Full call number Barcode Date last seen Copy number Price effective from Koha item type
    Dewey Decimal Classification     Archives Archives Archive copy 02/01/2019   2018/11 RICS 30078962 06/08/2019 1 06/08/2019 Book
    Dewey Decimal Classification     London London RICS Boxes 02/01/2019   2018/11 RICS 30078958 06/08/2019 1 06/08/2019 Book
    Dewey Decimal Classification     Virtual Virtual Online 23/11/2018   ONLINE PUBLICATION 160192-2001 13/04/2023 1 06/08/2019 Book